00360nam a2200121Ia 4500003000400000005001700004008004100021040001800062041000800080100004100088245007300129260003600202OSt20260128113521.0211028s2018 xx 000 0 und d cAIMIT LIBRARY aeng aAishwarya D;Wright, Rowena.g1616005 aEmpirical study on employee engagement conducted at Abharan motors / aMangalorebRowena Wright.c2018